[Event "Vinnytsia City Cup"]
[Site "Vinnytsia"]
[Date "2021.11.03"]
[Round "3"]
[White "Terletsky, Oleg"]
[Black "Nechaev, Andrei"]
[Result "1/2-1/2"]
[WhiteElo "2164"]
[BlackElo "2353"]
[PlyCount "38"]
[EventDate "2021.11.02"]
[EventType "tourn"]
[EventRounds "11"]
[EventCountry "UKR"]
[SourceTitle "CBM 205 Extra"]
[Source "ChessBase"]
[SourceDate "2022.01.31"]
[SourceVersion "1"]
[SourceVersionDate "2022.01.31"]
[SourceQuality "1"]

1. e4 e5 2. Nf3 Nc6 3. Nc3 Nf6 4. d4 exd4 5. Nxd4 Bb4 6. Nxc6 bxc6 7. Bd3 d5 8. exd5 Qe7+ 9. Qe2 Nxd5 10. Qxe7+ Kxe7 11. Bd2 Nxc3 12. a3 Ba5 13. b4 Re8 14. bxa5 Kf8+ 15. Kf1 Nb5 16. f3 Nd6 17. Bf4 Be6 18. Kf2 c5 19. Rhb1 Reb8 1/2-1/2

[Event "Lutsk Nebesna Sotnya Memorial blitz"]
[Site "Lutsk"]
[Date "2015.02.20"]
[Round "6"]
[White "Bortnyk, Mykola"]
[Black "Nechaev, Andrei"]
[Result "1-0"]
[WhiteElo "2403"]
[BlackElo "2374"]
[PlyCount "48"]
[EventDate "2015.02.20"]
[EventType "swiss (blitz)"]
[EventRounds "22"]
[EventCountry "UKR"]
[SourceTitle "CBM 165 Extra"]
[Source "ChessBase"]
[SourceDate "2015.04.21"]
[SourceVersion "1"]
[SourceVersionDate "2015.04.21"]
[SourceQuality "1"]

1. e4 e5 2. Nf3 Nc6 3. Bb5 Nf6 4. Qe2 a6 5. Ba4 Be7 6. 0-0 b5 7. Bb3 0-0 8. c3 d5 9. d3 Re8 10. Bg5 dxe4 11. dxe4 Nd7 12. Be3 Na5 13. Bc2 Nc4 14. Bc1 Bf8 15. Rd1 Qf6 16. a4 c6 17. Nbd2 Nxd2 18. Bxd2 Nc5 19. h3 h6 20. Nh2 Qh4 21. Be3 Ne6 22. Qg4 Qxg4 23. Nxg4 Nf4 24. a5 h5 1-0

[Event "Chervonograd 10th"]
[Site "Chervonograd"]
[Date "2014.12.03"]
[Round "11"]
[White "Sevostianov, Pavel"]
[Black "Nechaev, Andrei"]
[Result "1/2-1/2"]
[WhiteElo "2302"]
[BlackElo "2399"]
[PlyCount "25"]
[EventDate "2014.11.27"]
[EventType "tourn"]
[EventRounds "11"]
[EventCountry "UKR"]
[EventCategory "1"]
[SourceTitle "CBM 163 Extra"]
[Source "ChessBase"]
[SourceDate "2014.12.23"]
[SourceVersion "1"]
[SourceVersionDate "2014.12.23"]
[SourceQuality "1"]

1. e4 e5 2. Nf3 Nf6 3. Nxe5 d6 4. Nf3 Nxe4 5. d3 Nf6 6. d4 Be7 7. Bd3 0-0 8. h3 c5 9. 0-0 Nc6 10. dxc5 dxc5 11. Nc3 h6 12. Bf4 Be6 13. Re1 1/2-1/2

[Event "Chervonograd 10th"]
[Site "Chervonograd"]
[Date "2014.11.29"]
[Round "4"]
[White "Nechaev, Andrei"]
[Black "Strzemiecki, Zbigniew"]
[Result "1/2-1/2"]
[WhiteElo "2399"]
[BlackElo "2361"]
[PlyCount "108"]
[EventDate "2014.11.27"]
[EventType "tourn"]
[EventRounds "11"]
[EventCountry "UKR"]
[EventCategory "1"]
[SourceTitle "CBM 163 Extra"]
[Source "ChessBase"]
[SourceDate "2014.12.23"]
[SourceVersion "1"]
[SourceVersionDate "2014.12.23"]
[SourceQuality "1"]

1. d4 e6 2. c4 Nf6 3. Nf3 b6 4. g3 Bb7 5. Bg2 Be7 6. Nc3 Ne4 7. Bd2 f5 8. 0-0 Bf6 9. Rc1 0-0 10. d5 Na6 11. Ne1 Nxc3 12. Bxc3 Bxc3 13. Rxc3 e5 14. d6 Bxg2 15. dxc7 Qxc7 16. Nxg2 Rae8 17. Ne3 Nc5 18. Nd5 Qc6 19. Rc2 Kh8 20. Nc3 Rf6 21. Rd2 d6 22. Rd5 a6 23. Qd2 Ree6 24. Rd1 Qe8 25. b4 Nd7 26. Qe3 Qc8 27. Na4 Qxc4 28. Nxb6 Nxb6 29. Qxb6 h5 30. Rxd6 Kh7 31. Rxe6 Rxe6 32. Qe3 Qxb4 33. a3 Qe7 34. Qf3 Qf7 35. Rd5 h4 36. e4 hxg3 37. Qxf5+ Qxf5 38. exf5 gxh2+ 39. Kxh2 Rf6 40. Rxe5 Kh6 41. Kg3 Kh7 42. Kg4 Rc6 43. Ra5 Kg8 44. Kf4 Kf7 45. Ke5 Rb6 46. Rc5 Rb2 47. f4 Re2+ 48. Kd4 Kf6 49. Re5 Ra2 50. Ra5 Ra1 51. a4 Rd1+ 52. Ke3 Re1+ 53. Kd2 Re4 54. Rxa6+ Kxf5 1/2-1/2

[Event "Chervonograd 10th"]
[Site "Chervonograd"]
[Date "2014.11.29"]
[Round "5"]
[White "Vasina, Olena"]
[Black "Nechaev, Andrei"]
[Result "0-1"]
[WhiteElo "2040"]
[BlackElo "2399"]
[PlyCount "144"]
[EventDate "2014.11.27"]
[EventType "tourn"]
[EventRounds "11"]
[EventCountry "UKR"]
[EventCategory "1"]
[SourceTitle "CBM 163 Extra"]
[Source "ChessBase"]
[SourceDate "2014.12.23"]
[SourceVersion "1"]
[SourceVersionDate "2014.12.23"]
[SourceQuality "1"]

1. e4 c5 2. c3 Nf6 3. e5 Nd5 4. d4 cxd4 5. Nf3 Nc6 6. cxd4 d6 7. Bc4 e6 8. 0-0 Be7 9. Qe2 Nb6 10. Bb3 0-0 11. Nc3 Bd7 12. exd6 Bxd6 13. Bg5 Be7 14. Bf4 Nb4 15. Rfe1 Re8 16. Rac1 Rc8 17. Ne5 N4d5 18. Nxd5 Nxd5 19. Bxd5 exd5 20. Nxd7 Rxc1 21. Rxc1 Qxd7 22. Qc2 Bf6 23. Be3 h5 24. h3 Re6 25. Qc8+ Qxc8 26. Rxc8+ Kh7 27. Rc5 Rd6 28. Kf1 Kg6 29. Ke2 Kf5 30. Kd3 Ke6 31. Rc7 Rb6 32. b3 Bd8 33. Rc8 Be7 34. g4 hxg4 35. hxg4 Bd6 36. Rc2 Kd7 37. Bd2 Ra6 38. Be3 Bc7 39. Rc5 Rxa2 40. Rxd5+ Ke7 41. Rc5 Bd6 42. Rc3 Kd7 43. Kc4 a6 44. Kd3 a5 45. Kc4 a4 46. bxa4 Rxa4+ 47. Kd3 b5 48. Rb3 Ra3 49. Rxa3 Bxa3 50. f3 Be7 51. Kc3 Kc6 52. Bf2 Kd5 53. Be3 g6 54. Bf2 Kc6 55. Kb3 Bg5 56. Kc3 Bf4 57. Bg1 Bg3 58. Be3 Be1+ 59. Kb3 Kd5 60. Bg1 b4 61. f4 Bc3 62. f5 gxf5 63. gxf5 Bxd4 64. Bxd4 Kxd4 65. Kxb4 Ke5 66. f6 Kxf6 67. Kc3 Kf5 68. Kd2 Kf4 69. Ke2 Kg3 70. Kf1 f5 71. Kg1 f4 72. Kf1 Kf3 0-1

[Event "Mukachevo Summer op"]
[Site "Mukachevo"]
[Date "2012.06.29"]
[Round "7"]
[White "Nechaev, Andrei"]
[Black "Bernadskiy, Vitaliy"]
[Result "1/2-1/2"]
[WhiteElo "2423"]
[BlackElo "2473"]
[PlyCount "100"]
[EventDate "2012.06.26"]
[EventType "swiss"]
[EventRounds "9"]
[EventCountry "UKR"]
[SourceTitle "CBM 149 Extra"]
[Source "ChessBase"]
[SourceDate "2012.08.24"]
[SourceVersion "1"]
[SourceVersionDate "2012.08.24"]
[SourceQuality "1"]

1. d4 Nf6 2. c4 g6 3. Nc3 Bg7 4. e4 d6 5. Be2 0-0 6. Nf3 e5 7. 0-0 Nc6 8. d5 Ne7 9. Ne1 Nd7 10. Nd3 f5 11. Bd2 Kh8 12. Rc1 Nf6 13. f3 c5 14. Rb1 f4 15. b4 b6 16. bxc5 bxc5 17. Rb2 g5 18. g4 h5 19. h3 Rf7 20. Qa4 Bd7 21. Qa6 Bc8 22. Qa4 Bd7 23. Qa3 Nc8 24. Qa6 Nb6 25. Nf2 Bf8 26. Nb5 Bc8 27. Qa3 hxg4 28. hxg4 Rh7 29. Rfb1 Nfd7 30. Ba5 Qf6 31. Kg2 Be7 32. Bxb6 Nxb6 33. Nxd6 Nxd5 34. cxd5 Bxd6 35. Bc4 Kg7 36. Qc3 Kg6 37. Rh1 Rxh1 38. Nxh1 Rb8 39. Nf2 Rb6 40. Rxb6 axb6 41. Qb2 Qd8 42. Nd1 Bd7 43. Nc3 Kf6 44. Bb5 Bc8 45. Bc4 Bd7 46. Kg1 Kg7 47. Bb5 Bc8 48. Qh2 c4 49. Bxc4 Qc7 50. Qe2 Ba6 1/2-1/2

[Event "Khmelnitsky op"]
[Site "Khmelnitsky"]
[Date "2009.??.??"]
[Round "4"]
[White "Nechaev, Andrei"]
[Black "Ivanov, Vladimir A1111"]
[Result "1-0"]
[WhiteElo "2370"]
[BlackElo "2100"]
[PlyCount "82"]
[EventDate "2009.??.??"]
[EventType "swiss"]
[EventRounds "9"]
[EventCountry "UKR"]
[SourceTitle "EXT 2011"]
[Source "ChessBase"]
[SourceDate "2010.11.26"]
[SourceVersion "1"]
[SourceVersionDate "2010.11.26"]
[SourceQuality "1"]

1. Nf3 d5 2. b3 Nf6 3. Bb2 e6 4. e3 Be7 5. c4 0-0 6. Be2 Nbd7 7. 0-0 b6 8. cxd5 Nxd5 9. a3 c5 10. Qc2 Bb7 11. d3 Bf6 12. Nbd2 Bxb2 13. Qxb2 Qf6 14. Qxf6 N7xf6 15. Rfc1 Rfd8 16. g3 Rac8 17. Kf1 Ne7 18. b4 cxb4 19. Rxc8 Nxc8 20. axb4 Nd5 21. Rb1 Nd6 22. Nc4 Nc3 23. Ra1 Ndb5 24. d4 Rc8 25. Nfd2 Bd5 26. Bd3 f5 27. Ke1 Ne4 28. Nxb6 axb6 29. Bxb5 Rc2 30. Nxe4 Bxe4 31. Be2 Rb2 32. b5 Kf7 33. Rc1 Kf6 34. f3 Bd5 35. h4 g6 36. Rd1 Rb3 37. Kf2 Rb2 38. Rc1 h6 39. Ke1 g5 40. h5 Rb3 41. Kd2 e5 1-0

[Event "Khmelnitsky op"]
[Site "Khmelnitsky"]
[Date "2009.??.??"]
[Round "2"]
[White "Nechaev, Andrei"]
[Black "Zingaylo, Anastasiya"]
[Result "1-0"]
[WhiteElo "2370"]
[BlackElo "2070"]
[PlyCount "64"]
[EventDate "2009.??.??"]
[EventType "swiss"]
[EventRounds "9"]
[EventCountry "UKR"]
[SourceTitle "EXT 2011"]
[Source "ChessBase"]
[SourceDate "2010.11.26"]
[SourceVersion "1"]
[SourceVersionDate "2010.11.26"]
[SourceQuality "1"]

1. d4 d5 2. c4 e6 3. Nf3 Nf6 4. Nc3 Be7 5. Bg5 0-0 6. e3 Nbd7 7. Qc2 c6 8. Rd1 h6 9. Bh4 dxc4 10. Bxc4 Nd5 11. Bg3 N7b6 12. Be2 Bd7 13. 0-0 Qc8 14. Ne4 Rd8 15. Nd6 Bxd6 16. Bxd6 Be8 17. Bg3 a5 18. a3 Nd7 19. Rc1 f6 20. Nd2 N7b6 21. Ne4 a4 22. Rfd1 Ne7 23. Qc5 Nbd5 24. Nd6 Qd7 25. e4 b6 26. Qc2 Bg6 27. Bf3 Qa7 28. Qe2 Nc7 29. Bg4 f5 30. exf5 exf5 31. Qxe7 fxg4 32. Rxc6 Nd5 1-0

[Event "Khmelnitsky op"]
[Site "Khmelnitsky"]
[Date "2009.??.??"]
[Round "5"]
[White "Polishchuk, Oleg"]
[Black "Nechaev, Andrei"]
[Result "1/2-1/2"]
[WhiteElo "2220"]
[BlackElo "2370"]
[PlyCount "106"]
[EventDate "2009.??.??"]
[EventType "swiss"]
[EventRounds "9"]
[EventCountry "UKR"]
[SourceTitle "EXT 2011"]
[Source "ChessBase"]
[SourceDate "2010.11.26"]
[SourceVersion "1"]
[SourceVersionDate "2010.11.26"]
[SourceQuality "1"]

1. d4 Nf6 2. c4 c5 3. d5 e5 4. Nc3 d6 5. e4 Be7 6. Be2 0-0 7. Nf3 Bg4 8. Nd2 Bxe2 9. Qxe2 Ne8 10. 0-0 Bg5 11. a3 a5 12. g3 Bxd2 13. Bxd2 Nd7 14. Nb5 Qb6 15. f4 exf4 16. gxf4 Nc7 17. Nxc7 Qxc7 18. Bc3 Rae8 19. Qg4 f6 20. Rae1 Re7 21. Kh1 a4 22. Rg1 b5 23. cxb5 Qb7 24. h4 Rff7 25. Qf5 Qxb5 26. h5 h6 27. Re3 Kf8 28. Kh2 Ke8 29. Qg6 Kd8 30. Rgg3 Kc7 31. Qf5 Nb6 32. Re1 Qd7 33. Qg6 Nc4 34. Rd3 Rf8 35. Qg2 Rb8 36. Rg3 Rf8 37. Rg1 Rff7 38. Qe2 Qb5 39. Qd3 Kb6 40. R1g2 Na5 41. Qc2 Nb3 42. e5 fxe5 43. fxe5 dxe5 44. Rg6+ Ka7 45. d6 Rd7 46. Bxe5 Nd4 47. Bxd4 cxd4 48. Qd1 d3 49. R6g4 Qxh5+ 50. Kg1 Qc5+ 51. Kh1 Qh5+ 52. Kg1 Qc5+ 53. Kh1 Qh5+ 1/2-1/2

[Event "Khmelnitsky Podillya"]
[Site "Khmelnitsky"]
[Date "2008.10.02"]
[Round "10"]
[White "Nechaev, Andrei"]
[Black "Firman, Nazar"]
[Result "0-1"]
[WhiteElo "2394"]
[BlackElo "2525"]
[PlyCount "56"]
[EventDate "2008.09.27"]
[EventType "tourn"]
[EventRounds "15"]
[EventCountry "UKR"]
[EventCategory "7"]
[SourceTitle "CBM 126 Extra"]
[Source "ChessBase"]
[SourceDate "2008.11.05"]
[SourceVersion "1"]
[SourceVersionDate "2008.11.05"]
[SourceQuality "1"]

1. d4 f5 2. g3 Nf6 3. Bg2 g6 4. Nf3 Bg7 5. 0-0 0-0 6. c4 c6 7. b3 Ne4 8. Bb2 d5 9. Nbd2 Be6 10. Rc1 Nd7 11. e3 h6 12. Qe2 a5 13. Ne1 a4 14. Nd3 axb3 15. axb3 Qb6 16. c5 Qb5 17. b4 b6 18. f3 Ra2 19. Nb1 bxc5 20. fxe4 dxe4 21. Nc3 exd3 22. Qf2 Rxb2 23. Qxb2 Qb8 24. dxc5 Nxc5 25. Qa3 Nb3 26. Rb1 Nd2 27. Na4 Nxb1 28. Rxb1 Qa7 0-1

[Event "Khmelnitsky Podillya"]
[Site "Khmelnitsky"]
[Date "2008.09.30"]
[Round "6"]
[White "Nechaev, Andrei"]
[Black "Lutsko, Igor"]
[Result "1-0"]
[WhiteElo "2394"]
[BlackElo "2399"]
[PlyCount "101"]
[EventDate "2008.09.27"]
[EventType "tourn"]
[EventRounds "15"]
[EventCountry "UKR"]
[EventCategory "7"]
[SourceTitle "CBM 126 Extra"]
[Source "ChessBase"]
[SourceDate "2008.11.05"]
[SourceVersion "1"]
[SourceVersionDate "2008.11.05"]
[SourceQuality "1"]

1. d4 d6 2. Nf3 g6 3. c4 Bg7 4. e4 Nf6 5. Nc3 0-0 6. Be2 Bg4 7. Be3 Nfd7 8. Rc1 a6 9. 0-0 c5 10. d5 Bxf3 11. Bxf3 b5 12. b3 Nf6 13. e5 Ne8 14. e6 Nf6 15. Ne2 Qa5 16. Bd2 Qb6 17. Nf4 a5 18. exf7+ Rxf7 19. Ne6 Na6 20. Re1 Bf8 21. Ng5 Rg7 22. Bg4 Nc7 23. Be6+ Nxe6 24. Nxe6 Rf7 25. Ng5 b4 26. Qe2 Qd8 27. Qe6 Qe8 28. a3 Nh5 29. axb4 axb4 30. Ra1 Rxa1 31. Rxa1 Ng7 32. Qxf7+ Qxf7 33. Nxf7 Kxf7 34. g4 Ne8 35. Ra7 h6 36. f3 Bg7 37. Bf4 Bd4+ 38. Kg2 g5 39. Bg3 Be3 40. Kf1 Kf8 41. Ke2 Bd4 42. Kd3 Nf6 43. h4 Ke8 44. hxg5 hxg5 45. Be1 Be5 46. Bd2 Nh7 47. Ke4 Kf7 48. Kf5 Bf6 49. f4 Nf8 50. fxg5 Be5 51. Bxb4 1-0

[Event "Khmelnitsky Podillya"]
[Site "Khmelnitsky"]
[Date "2008.09.30"]
[Round "7"]
[White "Nyzhnyk, Illya"]
[Black "Nechaev, Andrei"]
[Result "0-1"]
[WhiteElo "2428"]
[BlackElo "2394"]
[PlyCount "128"]
[EventDate "2008.09.27"]
[EventType "tourn"]
[EventRounds "15"]
[EventCountry "UKR"]
[EventCategory "7"]
[SourceTitle "CBM 126 Extra"]
[Source "ChessBase"]
[SourceDate "2008.11.05"]
[SourceVersion "1"]
[SourceVersionDate "2008.11.05"]
[SourceQuality "1"]

1. d4 g6 2. e4 Bg7 3. Nc3 c5 4. Nf3 cxd4 5. Nxd4 Nc6 6. Be3 Nf6 7. f3 0-0 8. Nb3 a5 9. a4 d5 10. exd5 Nb4 11. d6 Bf5 12. Nd4 Qxd6 13. Nxf5 Qe6 14. Qe2 gxf5 15. Kf2 Nfd5 16. Nxd5 Nxd5 17. c3 f4 18. Bc5 Qh6 19. Kg1 Rac8 20. Bf2 Rfd8 21. Re1 e6 22. g4 Bf8 23. h4 Bc5 24. Bxc5 Rxc5 25. Qe5 b6 26. Rd1 Re8 27. g5 Qh5 28. Qe4 f5 29. gxf6 Nxf6 30. Qxf4 Rf5 31. Qd4 Rd5 32. Qxf6 Rxd1 33. Kh2 Rd2+ 34. Kh3 Qf5+ 35. Qxf5 exf5 36. Kg3 Kg7 37. Bb5 Rg8 38. Kf4 Kf6 39. Re1 Rh2 40. Rd1 Rxh4+ 41. Ke3 Ke5 42. Rd7 Rg6 43. f4+ Rxf4 44. Re7+ Kf6 45. Rxh7 Kg5 46. Rh5+ Kxh5 47. Kxf4 Rg2 48. Kxf5 Rxb2 49. c4 Rd2 50. Ke5 Kg6 51. Ke6 Rd4 52. Ba6 Kg5 53. Ke5 Rd8 54. Bb7 Kg4 55. Bd5 Kg3 56. Kd4 Rc8 57. Ke3 Rc5 58. Bf7 Kg4 59. Kd4 Kf5 60. Be8 Ke6 61. Bg6 Kd6 62. Be4 Rh5 63. Bg2 Rh4+ 64. Kc3 Kc5 0-1

[Event "Khmelnitsky Podillya"]
[Site "Khmelnitsky"]
[Date "2008.09.29"]
[Round "5"]
[White "Chudinovskih, Alexander N"]
[Black "Nechaev, Andrei"]
[Result "1-0"]
[WhiteElo "2371"]
[BlackElo "2394"]
[PlyCount "73"]
[EventDate "2008.09.27"]
[EventType "tourn"]
[EventRounds "15"]
[EventCountry "UKR"]
[EventCategory "7"]
[SourceTitle "CBM 126 Extra"]
[Source "ChessBase"]
[SourceDate "2008.11.05"]
[SourceVersion "1"]
[SourceVersionDate "2008.11.05"]
[SourceQuality "1"]

1. e4 e5 2. Nf3 Nc6 3. Bc4 Bc5 4. c3 Nf6 5. d3 0-0 6. 0-0 d5 7. exd5 Nxd5 8. Re1 Nb6 9. Bb3 Bg4 10. h3 Bh5 11. g4 Bg6 12. Nxe5 Nxe5 13. Rxe5 Bd6 14. Bg5 Qd7 15. Re3 h6 16. Bh4 Rae8 17. Rf3 Kh8 18. Bg3 f5 19. Bxd6 Qxd6 20. Nd2 fxg4 21. hxg4 Bxd3 22. Nf1 Rxf3 23. Qxf3 Be2 24. Qg2 Rf8 25. Ne3 Nd7 26. Bd1 Qd2 27. Bc2 Ne5 28. Be4 Bf3 29. Bxf3 Nxf3+ 30. Kh1 Ne1 31. Nf1 Qe2 32. Ng3 Nxg2 33. Nxe2 Rxf2 34. Ng3 Ne3 35. g5 hxg5 36. Ne4 g4 37. Nxf2 1-0

[Event "UKR-chT 15th"]
[Site "Alushta"]
[Date "2008.05.25"]
[Round "5.3"]
[White "Nechaev, Andrei"]
[Black "Kryvoruchko, Yuriy"]
[Result "0-1"]
[WhiteElo "2391"]
[BlackElo "2612"]
[PlyCount "70"]
[EventDate "2008.05.21"]
[EventType "team-tourn"]
[EventRounds "9"]
[EventCountry "UKR"]
[SourceTitle "EXT 2019"]
[Source "ChessBase"]
[SourceDate "2018.10.10"]
[SourceVersion "1"]
[SourceVersionDate "2018.10.10"]
[SourceQuality "1"]
[WhiteTeam "Khmelnytskyi Podolia"]
[BlackTeam "Lwiw Ivan Franko University"]
[WhiteTeamCountry "UKR"]
[BlackTeamCountry "UKR"]

1. d4 Nf6 2. c4 e6 3. Nf3 b6 4. g3 Bb7 5. Bg2 Be7 6. Nc3 Ne4 7. Nxe4 Bxe4 8. 0-0 0-0 9. Ne1 Bxg2 10. Nxg2 d5 11. cxd5 Qxd5 12. Bf4 c5 13. dxc5 Qxc5 14. Qa4 Qc6 15. Qxc6 Nxc6 16. Rac1 Nd4 17. Rc7 Nxe2+ 18. Kh1 Nxf4 19. Nxf4 Bd6 20. Rb7 Rfb8 21. Rd7 Rd8 22. Rb7 Bc5 23. a3 e5 24. b4 Bf8 25. Nh5 Rdb8 26. Rd7 a5 27. Re1 axb4 28. axb4 Rd8 29. Rb7 Rab8 30. Ra7 Rd5 31. Re4 Rc8 32. Rb7 Rc6 33. g4 Rc2 34. Kg1 Rd1+ 35. Kg2 Rdd2 0-1

[Event "UKR-ch sf"]
[Site "Alushta"]
[Date "2005.05.24"]
[Round "9"]
[White "Nechaev, Andrei"]
[Black "Peskov, Alexsey"]
[Result "0-1"]
[WhiteElo "2393"]
[BlackElo "2362"]
[PlyCount "78"]
[EventDate "2005.05.16"]
[EventType "swiss"]
[EventRounds "9"]
[EventCountry "UKR"]
[SourceTitle "CBM 106 Extra"]
[Source "ChessBase"]
[SourceDate "2005.07.01"]
[SourceVersion "1"]
[SourceVersionDate "2005.07.01"]
[SourceQuality "1"]

1. d4 Nf6 2. Nf3 e6 3. c4 d5 4. Nc3 Be7 5. Bg5 0-0 6. Qc2 b6 7. 0-0-0 Bb7 8. e3 Ne4 9. Bxe7 Qxe7 10. Nxe4 dxe4 11. Nd2 f5 12. Be2 c5 13. dxc5 bxc5 14. Qc3 Nc6 15. Kb1 Rfd8 16. Nb3 Rxd1+ 17. Rxd1 a5 18. a3 a4 19. Nc1 Qc7 20. g3 Ne5 21. Rd2 Rb8 22. Ka1 Ba6 23. h4 h6 24. b3 axb3 25. Nxb3 Ra8 26. Rb2 Bb7 27. Ka2 Nd7 28. Nc1 Nb6 29. Bd1 Bc6 30. Ne2 Nxc4 31. Bb3 Nxa3 32. Bxe6+ Kh8 33. Qxa3 Rxa3+ 34. Kxa3 Qa5+ 35. Kb3 Bb5 36. Nf4 g5 37. hxg5 hxg5 38. Nd5 Qa4+ 39. Kc3 Qa3+ 0-1

[Event "UKR-ch sf"]
[Site "Alushta"]
[Date "2005.05.20"]
[Round "5"]
[White "Nechaev, Andrei"]
[Black "Goroshchenko, Dmitry"]
[Result "1-0"]
[WhiteElo "2393"]
[BlackElo "2270"]
[PlyCount "97"]
[EventDate "2005.05.16"]
[EventType "swiss"]
[EventRounds "9"]
[EventCountry "UKR"]
[SourceTitle "CBM 106 Extra"]
[Source "ChessBase"]
[SourceDate "2005.07.01"]
[SourceVersion "1"]
[SourceVersionDate "2005.07.01"]
[SourceQuality "1"]

1. d4 d5 2. c4 dxc4 3. e3 Nf6 4. Bxc4 e6 5. Nf3 c5 6. 0-0 a6 7. Qe2 b5 8. Bd3 Bb7 9. dxc5 Bxc5 10. Bxb5+ Nbd7 11. Ba4 0-0 12. Nc3 Qc7 13. Bc2 Rab8 14. Rb1 Rfc8 15. Bd2 Bd6 16. h3 Bxf3 17. Qxf3 Ne5 18. Qe2 Nc4 19. Bd3 Nxd2 20. Qxd2 Rb6 21. Rfc1 Rc6 22. Ne2 Qb7 23. Rxc6 Rxc6 24. Rc1 g6 25. Rxc6 Qxc6 26. Qa5 Kg7 27. Qxa6 Qd5 28. g3 h5 29. Qc4 Qa5 30. Nc3 Be5 31. a4 Nd5 32. Nxd5 exd5 33. Qb5 Qe1+ 34. Kg2 h4 35. Qxd5 Bxb2 36. gxh4 Qd1 37. Bc4 Qxd5+ 38. Bxd5 Bc3 39. Kf3 Kf6 40. Kg4 Be1 41. f3 Kg7 42. e4 f6 43. h5 g5 44. Kf5 Bc3 45. Bc6 Kh6 46. Be8 Kg7 47. Ke6 Kf8 48. Bg6 Kg7 49. Kd5 1-0

[Event "UKR-ch sf"]
[Site "Alushta"]
[Date "2005.05.18"]
[Round "3"]
[White "Nechaev, Andrei"]
[Black "Kononenko, Dmitry1111"]
[Result "1/2-1/2"]
[WhiteElo "2393"]
[BlackElo "2200"]
[PlyCount "98"]
[EventDate "2005.05.16"]
[EventType "swiss"]
[EventRounds "9"]
[EventCountry "UKR"]
[SourceTitle "CBM 106 Extra"]
[Source "ChessBase"]
[SourceDate "2005.07.01"]
[SourceVersion "1"]
[SourceVersionDate "2005.07.01"]
[SourceQuality "1"]

1. d4 Nf6 2. c4 e6 3. Nf3 d5 4. Nc3 c6 5. Bg5 dxc4 6. a4 Bb4 7. e4 b5 8. e5 h6 9. exf6 hxg5 10. fxg7 Rg8 11. g4 Bb7 12. Bg2 Nd7 13. Kf1 Bxc3 14. bxc3 a6 15. Nd2 Qc7 16. Ne4 Rxg7 17. axb5 cxb5 18. Nd6+ Qxd6 19. Bxb7 Ra7 20. Qf3 Ke7 21. Bc6 Rc7 22. Bxd7 Kxd7 23. Kg2 Ke7 24. Rhe1 Rg6 25. Re5 f6 26. Re2 Kf7 27. Rea2 Rh6 28. h3 Qc6 29. Qxc6 Rxc6 30. Rxa6 Rxa6 31. Rxa6 Rh8 32. Ra7+ Kg6 33. Re7 Ra8 34. Rxe6 Ra3 35. Rb6 Rxc3 36. Rxb5 Rd3 37. d5 c3 38. Rc5 Kf7 39. Rc7+ Kg6 40. f3 Rxd5 41. Rxc3 f5 42. Rc6+ Kf7 43. Kf2 fxg4 44. hxg4 Rd4 45. Ke3 Rf4 46. Rd6 Kg7 47. Re6 Kf7 48. Re5 Kg6 49. Re7 Rf8 1/2-1/2

[Event "UKR-ch sf"]
[Site "Alushta"]
[Date "2005.05.17"]
[Round "2"]
[White "Bardjuzha, Vitaly"]
[Black "Nechaev, Andrei"]
[Result "0-1"]
[WhiteElo "2154"]
[BlackElo "2393"]
[PlyCount "104"]
[EventDate "2005.05.16"]
[EventType "swiss"]
[EventRounds "9"]
[EventCountry "UKR"]
[SourceTitle "CBM 106 Extra"]
[Source "ChessBase"]
[SourceDate "2005.07.01"]
[SourceVersion "1"]
[SourceVersionDate "2005.07.01"]
[SourceQuality "1"]

1. Nf3 g6 2. g3 Bg7 3. d4 c5 4. c3 Nf6 5. Bg2 0-0 6. 0-0 d5 7. Bf4 Nc6 8. Ne5 Qb6 9. dxc5 Qxb2 10. Qd2 Qxa1 11. Na3 Qxf1+ 12. Kxf1 Be6 13. f3 Rac8 14. Nd3 Rfd8 15. Bh6 Bf5 16. Bxg7 Kxg7 17. g4 Bxd3 18. exd3 d4 19. c4 Nd7 20. f4 Nxc5 21. Kf2 e5 22. f5 e4 23. dxe4 Ne5 24. Kg3 f6 25. h4 a6 26. g5 fxg5 27. Qxg5 Nf7 28. f6+ Kh8 29. Qd2 Nd7 30. e5 Ndxe5 31. Bxb7 Rc5 32. Bd5 d3 33. Nb1 Nxc4 34. Bxc4 Rxc4 35. Qe3 Nd6 36. Kh3 Rxh4+ 37. Kg2 Rg4+ 38. Kh2 Nf5 39. Qe5 Kg8 40. Qe6+ Kf8 41. Nc3 Rh4+ 42. Kg2 d2 43. Qb3 d1Q 44. Nxd1 Rd2+ 45. Nf2 Rg4+ 46. Kf1 Rgd4 47. Ke1 Rd8 48. Ne4 Re2+ 49. Kf1 Rxe4 50. Qa3+ Kf7 51. Qxa6 Rd1+ 52. Kg2 Rd2+ 0-1

[Event "UKR-ch sf"]
[Site "Alushta"]
[Date "2005.05.16"]
[Round "1"]
[White "Nechaev, Andrei"]
[Black "Kaliuzhny, Andrey"]
[Result "0-1"]
[WhiteElo "2393"]
[BlackElo "2218"]
[PlyCount "63"]
[EventDate "2005.05.16"]
[EventType "swiss"]
[EventRounds "9"]
[EventCountry "UKR"]
[SourceTitle "CBM 106 Extra"]
[Source "ChessBase"]
[SourceDate "2005.07.01"]
[SourceVersion "1"]
[SourceVersionDate "2005.07.01"]
[SourceQuality "1"]

1. d4 Nf6 2. c4 g6 3. Nc3 Bg7 4. e4 d6 5. Be2 0-0 6. Nf3 c6 7. 0-0 Qc7 8. Rb1 a5 9. b3 e5 10. Bb2 Nh5 11. g3 Bg4 12. d5 Na6 13. a3 Qe7 14. Bc1 Nc7 15. Ne1 Bxe2 16. Qxe2 cxd5 17. cxd5 f5 18. exf5 Rxf5 19. Ng2 Rf7 20. Bd2 Nf6 21. Bg5 h6 22. Bxf6 Qxf6 23. Ne4 Qe7 24. Rfd1 Qd7 25. Ne3 Nb5 26. Nc4 Ra6 27. Qd3 Nd4 28. Ncd2 Ra8 29. Rbc1 Raf8 30. a4 Qg4 31. Re1 h5 32. Qe3 0-1

[Event "UKR-ch"]
[Site "Simferopol"]
[Date "2003.11.08"]
[Round "5"]
[White "Nechaev, Andrei"]
[Black "Malaniuk, Vladimir P"]
[Result "0-1"]
[WhiteElo "2417"]
[BlackElo "2525"]
[PlyCount "70"]
[EventDate "2003.11.04"]
[EventType "swiss"]
[EventRounds "9"]
[EventCountry "UKR"]
[SourceTitle "CBM 097 Extra"]
[Source "ChessBase"]
[SourceDate "2004.01.13"]
[SourceVersion "1"]
[SourceVersionDate "2004.01.13"]
[SourceQuality "1"]

1. d4 Nf6 2. c4 d6 3. Nf3 Nbd7 4. Nc3 c6 5. e4 e5 6. Be2 Be7 7. 0-0 a6 8. d5 cxd5 9. cxd5 b5 10. a3 Nb6 11. Be3 Bd7 12. Nd2 Qb8 13. Na2 0-0 14. Rc1 Qb7 15. Qc2 Rfc8 16. Qb1 Ng4 17. Bxg4 Bxg4 18. Nb4 Bd7 19. Rxc8+ Rxc8 20. Rc1 Nc4 21. Nxc4 bxc4 22. Qc2 a5 23. Na2 f5 24. f4 Bf6 25. Nc3 exf4 26. Bxf4 Rb8 27. Kh1 Qxb2 28. Bxd6 Bg5 29. Qxb2 Rxb2 30. Rd1 Rc2 31. Be5 Bf6 32. Bxf6 gxf6 33. Nb1 fxe4 34. Nd2 Bg4 35. d6 Bxd1 0-1